000 00422nam a2200109Ia 4500
008 200911s9999 xx 000 0 und d
020 _a971-550-449-3
100 _aParreñas, Rhacel Salazar
245 _cRhacel Salazar Parreñas.--
_aServants of globalization :
_bWoman, Migration, and domestic work /
260 _aQuezon City :
_bAteneo de Manila University Press
_c2003
300 _axi , 309 pages :
_billustration ;
_c23 cm.
999 _c364213
_d364213